000 00752nam a2200229 a 4500
001 21170
003 BD-RjUL
005 20211209000645.0
008 140303t19671966enk b 001 1 eng d
035 _a(BD-RjUL)21234
040 _aBNB
_beng
_cBNB
_dNSL:R
_dBD-RjUL
041 _aeng
082 0 4 _a828.808
_220
_bHAT 1967
100 1 _aHardy, Thomas,
_d1840-1928.
_965424
245 1 0 _aThomas Hardy's personal writings :
_bprefaces, literary opinions, reminiscences /
_cedited by Harold Orel.
260 _aLondon :
_bMacmillan,
_cc1966 [1967].
300 _axii, 295 p. ;
_c23 cm.
504 _aIncludes bibliographical references and index.
600 1 _aHardy, Thomas,
_d1840-1928.
_965437
700 1 _aOrel, Harold,
_d1926-
_960591
942 _2ddc
_cBK
999 _c21170
_d21170